000 00317nam a22001217a 4500
008 230629b xxu||||| |||| 00| 0 eng d
082 _a333.913
_bGIB
100 _cSir Alexander Gibb and Partners
245 _aKenya Nile Basin Water Resources Survey
260 _aKenya
_bGOK
_c1956
300 _a134p
942 _2ddc
_cBK
999 _c2962
_d2962